000 00488pab a2200169 454500
008 180718b2012 xxu||||| |||| 00| 0 eng d
100 _aGlemarec, Yannick
245 _aThe role of the visible hand of public institutions in creating a sustainable future
260 _c2012
300 _ap.200-214.
362 _aAug
650 _aSustainable development
700 _aOliveira, Jose A. Puppim de
773 _aPublic Administration and Development
908 _aN
909 _a97698
999 _c97697
_d97697